Metodología para introducir el enfoque por proceso en el marco de la gestión hospitalaria
Presenta una metodología para introducir el enfoque por proceso en el marco de la gestión hospitalaria.
Guardado en:
| Autor principal: | |
|---|---|
| Autor Corporativo: | |
| Otros Autores: | |
| Formato: | eBook |
| Lenguaje: | español |
| Publicado: |
La Habana :
Instituto Superior Politécnico José Antonio Echeverría. CUJAE,
2011.
|
| Materias: | |
| Acceso en línea: | https://elibro.unach.elogim.com/es/lc/unach/titulos/85938 |
| Etiquetas: |
Agregar Etiqueta
Sin Etiquetas, Sea el primero en etiquetar este registro!
|
MARC
| LEADER | 00000nam a2200000 a 4500 | ||
|---|---|---|---|
| 001 | ELB85938 | ||
| 003 | FlNmELB | ||
| 006 | m o d | | ||
| 007 | cr cn||||||||| | ||
| 008 | 201201r2011 cu |||||s|||||||||||spa d | ||
| 024 | 8 | |z 71208061510 | |
| 035 | |a (MiAaPQ)EBC3202372 | ||
| 035 | |a (Au-PeEL)EBL3202372 | ||
| 035 | |a (CaPaEBR)ebr10609348 | ||
| 035 | |a (OCoLC)929378818 | ||
| 040 | |a FlNmELB |b spa |c FlNmELB | ||
| 050 | 4 | |a R5 |b J374 2011 | |
| 080 | |a 61 | ||
| 082 | 0 | 4 | |a 610 |2 22 |
| 100 | 1 | |a Jardines Ochoa, Maylin. | |
| 245 | 1 | 0 | |a Metodología para introducir el enfoque por proceso en el marco de la gestión hospitalaria |h [recurso electronico] |c Maylín Jardines Ochoa. |
| 260 | |a La Habana : |b Instituto Superior Politécnico José Antonio Echeverría. CUJAE, |c 2011. | ||
| 300 | |a 188 p. | ||
| 500 | |a Tesis (maestría) - Instituto Superior Politécnico José Antonio Echeverría CUJAE. | ||
| 520 | |a Presenta una metodología para introducir el enfoque por proceso en el marco de la gestión hospitalaria. | ||
| 533 | |a Recurso electrónico. Santa Fe, Arg.: e-libro, 2015. Disponible vía World Wide Web. El acceso puede estar limitado para las bibliotecas afiliadas a e-libro. | ||
| 650 | 4 | |a Medical. |x General. | |
| 650 | 4 | |a Medicina. |x General. | |
| 655 | 4 | |a Libros electrónicos. | |
| 700 | 1 | |a Hernández Torres, Maritza. |4 drt | |
| 710 | 2 | |a e-libro, Corp. | |
| 856 | 4 | 0 | |u https://elibro.unach.elogim.com/es/lc/unach/titulos/85938 |